00729nam a2200265Ia 4500008004100000041001200041082000600053082001100059100001700070100001100087245005600098250001200154260001100166260002300177260000900200300001500209365002500224650001700249650001300266650001900279650001700298942000700315999001900322952012200341150909s9999 xx 000 0 und d aEnglish a1 bWIN/ME aWindlolz M  eEditor aMerck index: an encyclopedia of chemicals and drugs a9th Ed. aRahway bMerck and company c1976 a400 Pages aRs.133  aBiochemistry aMedicine aPeriodic Chart aPharmacology cBK c229974d229974 00104070aKAUCOAbKAUCOAd2015-09-16g133.00l0o1 WIN/MEpKAU-COA-12454 r2015-09-16 00:00:00w2015-09-16yBK